Statistiques concernant Animaux peu connus par images

Cliquez ici pour prendre le quiz!

Statistiques générales

  • Ce quiz a été pris 186 fois
  • Le résultat moyen est 8 sur 31

Statistiques - réponses

Réponse% Correct
Capybara
74%
Cacatoes à huppe jaune
69%
Dugong
63%
Poisson lune
60%
Casoar à casque
48%
Carcajou
44%
Rat-taupe nu
43%
Poisson Napoléon
35%
Petit pingouin
33%
Coati
32%
Ratel
32%
Bec-en-sabot du nil
27%
Basilic vert
22%
Loup à crinière
21%
Requin lutin
21%
Babiroussa
20%
Kakapo
17%
Frégate superbe
16%
Mara
15%
Moloch
14%
Crevette mante
13%
Monstre de Gila
13%
Crabe violoniste
12%
Saïga
12%
Crabe de cocotier
11%
Tamandua
10%
Daman
8%
Galago
7%
Watussi
7%
Coq de roche orange
6%
Pastenague
4%

Distribution des résultats

Percentile par nombre de réponses

% des personnes avec chaque résultat

Votre développement - résultats

Vous n’avez pas pris ce quiz